01014nam a2200217 i 450000100060000000300090000600500170001500700030003200800410003504000140007610000300009024503130012025000880043326000540052130000200057570000410059570000500063670000360068674000490072285200250077168395ES-MaACL20251109144904.0t|940202s1852 sp ||||1| spa d aCAM bspa1 aGarcia Goyena, Florencio.10aFebrero, o Librería de jueces, abogados y escribanos b: comprensiva de los Códigos civil, criminal y administrativo, tanto en la parte teórica como en la práctica... / cpor... Florencio Garcia Goyena... y... Joaquin Aguirre ; corregida y aumentada por... Joaquin Aguirre y... Juan Manuel Montalban. a4ª ed. breformada y considerablemente aum. por D. José de Vicente y Caravantes. aMadrid : b[s.n.], c1852 (fImp. de Gaspar Roig) a6 v. ; c24 cm.1 aMontalbán, Juan Manuel,d1806-18891 aVicente y Caravantes, José, dca. 1820-18801 aAguirre, Joaquín, d1807-18690 aLibrería de jueces, abogados y escribanos. aES-MaACLjG-14392-97